000 00225nam a22000857a 4500
008 160705b xxu||||| |||| 00| 0 eng d
100 _92272
_a Reader's Digest
245 _aReverse Dictionary
260 _aLon
_b Reader's Digest
_c1989
999 _c1955
_d1955